| 000 | 00635nam a22002177a 4500 | ||
|---|---|---|---|
| 005 | 20260216072842.0 | ||
| 008 | 260216b |||||||| |||| 00| 0 eng d | ||
| 037 | _cTB | ||
| 040 |
_aCRL _cCRL |
||
| 041 |
_2eng _aeng |
||
| 084 |
_aJv2'N7 M7 _qCRL |
||
| 100 |
_aNadkarni,M.V. _91115958 |
||
| 245 | _aFarmers' Movement in India | ||
| 260 |
_aAhmedabad, India: _bAllied publisher private limited, _c1987. |
||
| 300 | _a236p. | ||
| 365 |
_b170 _cINR |
||
| 650 |
_aAgriculture _91115959 |
||
| 650 |
_aIndia-History _91115960 |
||
| 942 |
_2CC _cTB _hJv2'N7 M7 _n0 |
||
| 999 |
_c1679710 _d1679710 |
||